[Event "E60"]
[Site "Cleanchess.com   INT"]
[Date "2018.02.14"]
[Round "6"]
[White "Bartell,T"]
[Black "Brattain,Mika"]
[Result "1-0"]
[WhiteElo "2344"]
[BlackElo "2404"]

1.d4 Nf6 2.c4 g6 3.Nf3 Bg7 4.g3 b6 5.Bg2 Bb7 6.O-O O-O 7.d5 d6 8.Nd4 a5 9.Nc3
Na6 10.b3 Nc5 11.Bb2 Qd7 12.Qc2 e5 13.Ndb5 Nh5 14.a3 Bc8 15.b4 Nb7 16.e3 f5
17.f4 Qe7 18.Rae1 Nf6 19.e4 fxe4 20.fxe5 dxe5 21.Nxe4 axb4 22.Nxf6+ Bxf6
23.axb4 Nd6 24.Rxf6 Rxf6 25.Rxe5 Qf7 26.Nxd6 cxd6 27.Re1 Ra2 28.Qc3 Rxb2
29.Qxb2 Qg7 30.Qd2 Rf8 31.Qe3 Qb2 32.Qxb6 Qc3 33.Rf1 Rxf1+ 34.Bxf1 Bf5 35.b5
Bd3 36.Qd8+ Kg7 37.Qe7+ Kg8 38.Qe3 {#r} 1-0

[Event "E60"]
[Site "Cleanchess.com Newcastle ENG"]
[Date "2018.02.18"]
[Round "8.3"]
[White "Donchenko,Alexa"]
[Black "Lalic,B"]
[Result "1-0"]
[WhiteElo "2583"]
[BlackElo "2401"]

1.d4 Nf6 2.c4 g6 3.g3 c6 4.Bg2 d5 5.Qa4 Bg7 6.cxd5 Nxd5 7.Nf3 O-O 8.O-O Nd7
9.Rd1 N7f6 10.Nbd2 Bf5 11.Re1 Ne4 12.Nh4 Nb6 13.Qc2 Nxd2 14.Nxf5 gxf5 15.Bxd2
Qxd4 16.Be3 Qxb2 17.Qxf5 Qf6 18.Qc5 Rfd8 19.Rab1 Rd7 20.Rec1 Nd5 21.Bd2 Qe6
22.Bf3 Nf6 23.Qc2 Rad8 24.Be3 a6 25.a4 Nd5 26.Bd2 Bh6 27.e4 Nc7 28.Bxh6 Qxh6
29.Rxb7 Rd2 30.Qc5 Qf6 31.Qf5 Qxf5 32.exf5 R8d3 33.Bxc6 Nd5 34.Ra7 Nb4 35.Be4
Rd7 36.Rxd7 Rxd7 37.Rc4 a5 38.Rc5 Rd4 39.f3 Na2 40.Rxa5 Nc3 41.Bc6 Rc4 42.Ra6
Rc5 43.g4 Re5 44.a5 Re2 45.Ra7 Kg7 46.a6 Ra2 47.g5 Ne2+ 48.Kf1 Nd4 49.Be4 Ra5
50.Rxe7 Nxf5 51.Rd7 Ne3+ 52.Kf2 Nc4 53.a7 Nb6 54.Rc7 {#r} 1-0

[Event "E60"]
[Site "Cleanchess.com Neustadt an der Weinstrasse GER"]
[Date "2018.02.13"]
[Round "9.1"]
[White "Noe,C"]
[Black "Kantans,T"]
[Result "0-1"]
[WhiteElo "2487"]
[BlackElo "2487"]

1.d4 Nf6 2.c4 g6 3.f3 c5 4.d5 d6 5.e4 Bg7 6.Nc3 O-O 7.Be3 e6 8.dxe6 Bxe6 9.Bd3
Nc6 10.Nge2 a6 11.Nf4 Nd7 12.O-O Nde5 13.Nxe6 fxe6 14.f4 Nd7 15.Qd2 Qe7
16.Rad1 Bd4 17.Bb1 Nf6 18.Ne2 e5 19.f5 Bxe3+ 20.Qxe3 Nd4 21.Nc3 b5 22.cxb5
axb5 23.Nxb5 gxf5 24.Qg5+ Qg7 25.Qxg7+ Kxg7 26.Nxd4 exd4 27.Rxf5 Nd7 28.Rd5
Rf6 29.b4 Nb6 30.Rg5+ Rg6 31.Rxg6+ hxg6 32.e5 dxe5 33.bxc5 Na4 34.Re1 Nc3
35.c6 Rc8 36.Bd3 Kf6 37.Rf1+ Ke7 38.Re1 Kd6 39.Bxg6 e4 40.Rxe4 Nxe4 41.Bxe4
Ke5 42.Bf3 d3 43.Kf2 Kd4 44.h4 d2 45.Ke2 Kc3 46.h5 Kc2 47.Ke3 Kc1 48.Kf4 Rf8+
49.Ke5 Rxf3 50.gxf3 d1=Q 51.h6 Qd8 52.a4 Kd2 53.f4 Ke3 54.a5 Qc7+ 55.Kd5 Qxa5+
56.Ke6 Qc7 57.h7 Qxh7 58.Kd6 Kxf4 59.c7 Qf5 {#R} 0-1

[Event "E60"]
[Site "Cleanchess.com Newcastle ENG"]
[Date "2018.02.18"]
[Round "8.7"]
[White "Plat,V"]
[Black "Abdulla,Murad"]
[Result "1-0"]
[WhiteElo "2560"]
[BlackElo "2260"]

1.d4 Nf6 2.c4 g6 3.g3 c6 4.Bg2 d5 5.Qa4 Bg7 6.cxd5 Nxd5 7.Nf3 O-O 8.O-O Nd7
9.e4 N5b6 10.Qc2 e5 11.Be3 exd4 12.Bxd4 Qe7 13.Bxg7 Kxg7 14.Nbd2 Qc5 15.Qb1
Ne5 16.b4 Nxf3+ 17.Nxf3 Qe7 18.Qb2+ Kg8 19.Rfe1 Be6 20.Nd4 Rfd8 21.a4 Rd7
22.b5 Rad8 23.Nxe6 Qxe6 24.bxc6 Qxc6 25.Qb5 Qe6 26.a5 Nc4 27.e5 b6 28.axb6
Nxb6 29.Qf1 Qc4 30.Qxc4 Nxc4 31.e6 fxe6 32.Bh3 Nd2 33.Bxe6+ Kf8 34.Bxd7 Nf3+
35.Kf1 Nxe1 36.Rxa7 Nf3 37.Be6 Ng5 38.Bb3 Rd2 39.h4 Ne4 40.Rf7+ Ke8 41.Rf4 Nc5
42.Bg8 Rd7 43.Rc4 Nb7 44.Rc8+ Nd8 45.Kg2 h6 46.Ra8 Kf8 47.Bb3 Kg7 48.Ba4 Rd4
49.Ra7+ Kf8 50.Bb3 Rd3 51.Bc4 Rd4 52.Rc7 Rd6 53.Rh7 Rc6 54.Bb5 Rb6 55.Bc4 Rc6
56.Bb3 Rb6 57.Rh8+ Ke7 58.Bc4 Rb4 59.Bg8 Kf6 60.Bd5 Rb8 61.h5 gxh5 62.Rxh6+
Kg7 63.Rxh5 Rb5 64.Rg5+ Kf6 65.f4 Nf7 66.Bxf7 Rxg5 67.fxg5+ Kxf7 68.Kf3 Kg6
69.Kg4 Kg7 70.Kf5 Kf7 71.g6+ {#r} 1-0

[Event "E61"]
[Site "Cleanchess.com Neustadt an der Weinstrasse GER"]
[Date "2018.02.13"]
[Round "8.14"]
[White "Zuferi,E"]
[Black "Souleidis,G"]
[Result "1-0"]
[WhiteElo "2300"]
[BlackElo "2412"]

1.d4 Nf6 2.Nf3 g6 3.c4 Bg7 4.Nc3 O-O 5.e4 c6 6.Be2 d5 7.e5 Ne4 8.O-O Nxc3
9.bxc3 Nd7 10.a4 Nb6 11.cxd5 cxd5 12.Nd2 Be6 13.a5 Nc4 14.Nxc4 dxc4 15.Bf3 Bd5
16.Re1 b5 17.axb6 axb6 18.Rb1 Ra6 19.Rb5 Ra5 20.Rxd5 Rxd5 21.Bxd5 Qxd5 22.Ba3
Re8 23.Qb1 Qc6 24.Re2 Bf8 25.Rb2 Qa4 26.Bb4 Qc6 27.f3 Ra8 28.Kf2 Rd8 29.Qe4
Rd5 30.Ra2 Qb7 31.Ra7 Qxa7 32.Qxd5 Qc7 33.Qa8 Qd7 34.g4 h5 35.h3 hxg4 36.hxg4
Qe6 37.Qe4 f5 38.d5 fxe4 39.dxe6 Bg7 40.f4 g5 41.f5 Bxe5 42.Ke3 Bd6 43.Bxd6
exd6 44.Kxe4 Kg7 45.Kd5 b5 46.e7 {#r} 1-0

[Event "E62"]
[Site "Cleanchess.com   INT"]
[Date "2018.02.14"]
[Round "6"]
[White "Banusz,T"]
[Black "Nagle,S"]
[Result "1-0"]
[WhiteElo "2641"]
[BlackElo "2432"]

1.Nf3 Nf6 2.g3 g6 3.Bg2 Bg7 4.O-O O-O 5.d4 d6 6.c4 c6 7.Nc3 Qa5 8.Bd2 Qh5
9.Qb3 d5 10.cxd5 cxd5 11.Ne5 Nc6 12.Nxc6 bxc6 13.Qa4 Bh3 14.Rfc1 Bxg2 15.Kxg2
e5 16.dxe5 Ng4 17.h3 Nxe5 18.b3 Rfe8 19.Qf4 d4 20.g4 Qh4 21.Ne4 Qe7 22.Nc5 Nd7
23.Nd3 Qxe2 24.Nb4 d3 25.Rab1 Re4 26.Qf3 Rae8 27.Qxe2 dxe2 28.Nxc6 Ne5 29.Nxe5
Bxe5 30.Kf3 Bd4 31.Rc4 f5 32.gxf5 gxf5 33.Re1 Kf7 34.Bc3 Bxc3 35.Rxc3 Kf6
36.Re3 Rxe3+ 37.fxe3 Rc8 38.Rxe2 Rc1 39.Rd2 Ke6 40.Rd4 Rc2 41.Ra4 Rc7 42.Kf4
Rf7 43.Ra6+ Kd5 44.h4 Kc5 45.h5 Kb5 46.Re6 Kb4 47.Re5 Ka3 48.Rxf5 Rxf5+
49.Kxf5 Kxa2 50.e4 Kxb3 51.e5 a5 52.e6 a4 53.e7 a3 54.e8=Q a2 55.Qe5 {#r} 1-0

[Event "E63"]
[Site "Cleanchess.com Newcastle ENG"]
[Date "2018.02.18"]
[Round "8.6"]
[White "Haria,R"]
[Black "Merry,Alan B"]
[Result "1-0"]
[WhiteElo "2376"]
[BlackElo "2438"]

1.Nf3 Nf6 2.g3 g6 3.Bg2 Bg7 4.d4 O-O 5.c4 d6 6.Nc3 Nc6 7.O-O a6 8.Qc2 Re8 9.h3
Bd7 10.Rd1 e5 11.dxe5 dxe5 12.Be3 Qc8 13.Kh2 Be6 14.Nd5 Nd7 15.Qd2 f6 16.b4
Nd8 17.Rac1 c6 18.Nb6 Nxb6 19.Bxb6 Nf7 20.Ne1 Re7 21.Nd3 Bh6 22.e3 Bf8 23.Nc5
f5 24.Bf1 e4 25.Nxe6 Qxe6 26.Bd4 Ne5 27.Bxe5 Qxe5 28.c5 Bg7 29.Bc4+ Kf8 30.Qe2
Bf6 31.Rc2 Rae8 32.Kg2 Qc7 33.Bb3 Rd8 34.Qc4 Kg7 35.Rcd2 Rxd2 36.Rxd2 Rd7
37.Rxd7+ Qxd7 38.h4 Kh6 39.Qg8 Bc3 40.Qf8+ Bg7 41.Qb8 Bc3 42.Qf4+ Kg7 43.h5
gxh5 44.Qg5+ Kf8 45.Qg8+ Ke7 46.Qxh7+ Kd8 47.Qxh5 Kc7 48.Qh6 Kb8 49.Be6 Qd3
50.Qf4+ Ka7 51.Bxf5 Bxb4 52.Bxe4 Qc4 53.Bf3 Qxc5 54.Qf7 Qc2 55.Qb3 Qxb3
56.axb3 Kb6 57.Be2 Bc3 58.f4 Kc5 59.e4 a5 60.e5 b5 61.Bd1 Kd4 62.Kf3 Kd3 63.g4
Bb4 64.g5 Bf8 65.g6 Kd4 66.e6 {#r} 1-0

[Event "E67"]
[Site "Cleanchess.com Lutsk UKR"]
[Date "2018.02.16"]
[Round "5.7"]
[White "Nedilko,V"]
[Black "Bortnik,N"]
[Result "0-1"]
[WhiteElo "2383"]
[BlackElo "2432"]

1.d4 Nf6 2.c4 d6 3.Nf3 Nbd7 4.Nc3 e5 5.g3 g6 6.Bg2 Bg7 7.O-O O-O 8.e4 exd4
9.Nxd4 Re8 10.h3 a6 11.Be3 Rb8 12.b3 c5 13.Nde2 Ne5 14.a4 Nc6 15.Ra2 Qc7
16.Rd2 Be6 17.Rxd6 Nd4 18.Rxd4 cxd4 19.Bxd4 Rbd8 20.Nd5 Bxd5 21.exd5 b5
22.axb5 axb5 23.Qd3 Qe7 24.Nc3 b4 25.Nb5 Qe2 26.Qxe2 Rxe2 27.Bb6 Rc8 28.c5 Nd7
29.Nd6 Ra8 30.Nc4 Bd4 31.d6 Raa2 {#R} 0-1

[Event "E67"]
[Site "Cleanchess.com Jurmala LAT"]
[Date "2018.02.17"]
[Round "5.1"]
[White "Meskovs,N"]
[Black "Seeman,T"]
[Result "1-0"]
[WhiteElo "2546"]
[BlackElo "2426"]

1.d4 Nf6 2.c4 g6 3.g3 Bg7 4.Bg2 O-O 5.Nc3 d6 6.Nf3 Nbd7 7.O-O e5 8.b3 Re8
9.Bb2 exd4 10.Nxd4 Nc5 11.b4 Nce4 12.Nxe4 Nxe4 13.Qc2 Qe7 14.a3 c6 15.Rad1 a5
16.b5 c5 17.Nb3 Bxb2 18.Qxb2 a4 19.Nd2 Nf6 20.Rfe1 Bf5 21.Bxb7 Qxb7 22.Qxf6
Re6 23.Qc3 Rae8 24.e4 Bh3 25.Re3 f5 26.f3 g5 27.Rde1 f4 28.Rd3 Qe7 29.Rd5 Re5
30.b6 Bc8 31.Nf1 Bb7 32.Rd2 Rf8 33.g4 h5 34.gxh5 Rf6 35.h3 Rh6 36.Nh2 Rxh5
37.Ng4 Re6 38.Kg2 Qf7 39.Red1 Qg6 40.Rxd6 Rxd6 41.Rxd6 Qxd6 42.Nf6+ Kf7
43.Nxh5 Qd4 44.Qxd4 cxd4 45.h4 d3 46.Kf2 gxh4 47.Nxf4 d2 48.Ke2 {#r} 1-0

[Event "E67"]
[Site "Cleanchess.com   INT"]
[Date "2018.02.14"]
[Round "6"]
[White "Vazquez,Guillermo"]
[Black "Margvelashvili,G"]
[Result "1-0"]
[WhiteElo "2436"]
[BlackElo "2530"]

1.d4 Nf6 2.c4 d6 3.Nf3 g6 4.g3 Bg7 5.Bg2 O-O 6.O-O Nbd7 7.Nc3 e5 8.Qc2 Re8
9.Rd1 c6 10.d5 cxd5 11.cxd5 a6 12.Ne1 Nh5 13.e4 Rf8 14.Qe2 Qe8 15.Bf3 Nhf6
16.Nd3 Qe7 17.b4 Ne8 18.b5 f5 19.bxa6 Rxa6 20.Rb1 Nef6 21.Bg2 fxe4 22.Nb4 Ra8
23.Bg5 Qf7 24.Nb5 Ne8 25.Rbc1 h6 26.Be3 Ndf6 27.h3 Bd7 28.Rd2 h5 29.Kh2 h4
30.g4 Nh7 31.Rdc2 Qf6 32.Nc3 Ng5 33.Nxe4 Nxe4 34.Bxe4 Qe7 35.Bg2 e4 36.Kg1 Ra4
37.Qd2 Be5 38.Rc4 Nf6 39.g5 Nh5 40.Rxe4 Qf7 41.Rxh4 Nf4 42.Bf1 Qf5 43.Rg4 Qe4
44.Rc4 Nxh3+ 45.Bxh3 Qb1+ 46.Rc1 Qf5 47.Rh4 Qf7 48.Bxd7 Qxd7 49.Qd3 Qf7
50.Rcc4 Kg7 51.f4 b5 52.Re4 Bb2 53.Bd4+ Bxd4+ 54.Qxd4+ Kg8 55.Rh8# 1-0

[Event "E70"]
[Site "Cleanchess.com Lutsk UKR"]
[Date "2018.02.16"]
[Round "7.6"]
[White "Matviishen,Viktor"]
[Black "Bernadskiy,V"]
[Result "1-0"]
[WhiteElo "2439"]
[BlackElo "2588"]

1.d4 Nf6 2.c4 g6 3.Nc3 Bg7 4.e4 O-O 5.Nf3 c6 6.h3 d5 7.cxd5 cxd5 8.e5 Ne8
9.Bd3 Nc6 10.O-O f6 11.exf6 exf6 12.Re1 Nc7 13.Bf4 Ne6 14.Bg3 f5 15.Be5 Nxe5
16.dxe5 g5 17.Bc2 g4 18.Nd4 gxh3 19.Re3 hxg2 20.Nxf5 d4 21.Qh5 Rf7 22.Rg3 Kf8
23.Nd6 Rf4 24.Nd5 Qe7 25.Nxf4 Nxf4 26.Rf3 Bxe5 27.Re1 Qf6 28.Rxe5 Nxh5
29.Rxf6+ Nxf6 {#r} 1-0

[Event "E70"]
[Site "Cleanchess.com Neustadt an der Weinstrasse GER"]
[Date "2018.02.12"]
[Round "7.5"]
[White "Ivanisevic,I"]
[Black "Parvanyan,Ashot"]
[Result "1-0"]
[WhiteElo "2573"]
[BlackElo "2370"]

1.d4 Nf6 2.c4 g6 3.Nc3 Bg7 4.e4 d6 5.Nge2 O-O 6.Ng3 c5 7.d5 e6 8.Be2 exd5
9.cxd5 Nbd7 10.O-O a6 11.a4 h5 12.Bg5 Qe8 13.Qc1 Nh7 14.Bh4 Bf6 15.Bxf6 Ndxf6
16.Re1 Qe7 17.Nf1 Re8 18.Nd2 Qf8 19.Rb1 Rb8 20.b4 cxb4 21.Rxb4 Nd7 22.Nc4 Nc5
23.Bf1 b5 24.axb5 axb5 25.Na5 Bd7 26.Nc6 Bxc6 27.dxc6 Rec8 28.Rxb5 Rxc6
29.Rxb8 Qxb8 30.Nd5 Qe8 31.Qc3 Rc8 32.e5 dxe5 33.Rxe5 Nd7 34.Ne7+ {#r} 1-0

[Event "E70"]
[Site "Cleanchess.com Newcastle ENG"]
[Date "2018.02.14"]
[Round "1.13"]
[White "Percivaldi,Martin"]
[Black "Britton,R"]
[Result "1-0"]
[WhiteElo "2395"]
[BlackElo "2255"]

1.d4 Nf6 2.c4 g6 3.Nc3 Bg7 4.e4 d6 5.Bd3 O-O 6.Nge2 c6 7.O-O a6 8.a4 a5 9.h3
Na6 10.Be3 e5 11.f4 Nd7 12.Qd2 Nb4 13.Rad1 Qe7 14.Bb1 Re8 15.fxe5 dxe5 16.d5
Na6 17.Nc1 Qf8 18.Qf2 f6 19.Nd3 Bh6 20.Bxh6 Qxh6 21.c5 Qf8 22.Ba2 Kg7 23.d6
Rb8 24.Nb1 Nb4 25.Nxb4 axb4 26.Nd2 Ra8 27.Bb3 Ra5 28.Rc1 h5 29.Nf3 Qh8 30.h4
Qf8 31.Qe3 b6 32.cxb6 Qxd6 33.Rfd1 Qe7 34.Rxc6 Rc5 35.Re6 {#r} 1-0

[Event "E71"]
[Site "Cleanchess.com Neustadt an der Weinstrasse GER"]
[Date "2018.02.13"]
[Round "8.12"]
[White "Carow,J"]
[Black "Morgunov,Daniel"]
[Result "1-0"]
[WhiteElo "2429"]
[BlackElo "2231"]

1.d4 Nf6 2.c4 g6 3.Nc3 Bg7 4.e4 d6 5.h3 O-O 6.Nf3 e5 7.d5 a5 8.Bg5 Na6 9.Nd2
Qe8 10.Be2 Nd7 11.a3 Nb6 12.g4 Nc5 13.h4 f6 14.Be3 f5 15.gxf5 gxf5 16.Rg1 Kh8
17.Qc2 Bd7 18.O-O-O Qe7 19.h5 Rg8 20.exf5 Nba4 21.Nce4 Bxf5 22.Rg5 Bxe4
23.Nxe4 Nxe4 24.Qxe4 Nc5 25.Qc2 e4 26.Rdg1 Bf6 27.Rxg8+ Rxg8 28.Rxg8+ Kxg8
29.b4 Na6 30.c5 Qe5 31.cxd6 axb4 32.axb4 Bd8 33.dxc7 Bxc7 34.d6 Qxd6 35.Bc4+
Kf8 36.Bxa6 Qxa6 37.Qxc7 {#r} 1-0

[Event "E73"]
[Site "Cleanchess.com Newcastle ENG"]
[Date "2018.02.15"]
[Round "2.10"]
[White "Raetsky,A"]
[Black "House,Glenn L"]
[Result "1-0"]
[WhiteElo "2362"]
[BlackElo "2214"]

1.d4 Nf6 2.c4 g6 3.Nc3 Bg7 4.e4 d6 5.Be2 O-O 6.Bg5 c6 7.Nf3 a6 8.O-O b5 9.a3
Nbd7 10.e5 Ne8 11.Re1 bxc4 12.Bxc4 d5 13.Bf1 Nc7 14.Na4 Ne6 15.Be3 Re8 16.Rc1
Qc7 17.b4 f6 18.exf6 Bxf6 19.Qd2 Nb6 20.Nxb6 Qxb6 21.Ne5 Bxe5 22.dxe5 Qb7
23.h4 Bd7 24.h5 gxh5 25.Bd3 Kh8 26.Qe2 Rg8 27.Qxh5 Rg7 28.Bh6 Rag8 29.Bxg7+
Rxg7 30.Qh6 Qc8 31.Re3 c5 32.Rg3 Qg8 33.Rxg7 Qxg7 34.Qxg7+ Kxg7 35.bxc5 a5
36.c6 Bc8 37.Rb1 Nf4 38.Rb8 Be6 39.Ba6 d4 40.c7 d3 41.Rd8 Nd5 42.Rxd5 {#r} 1-0

[Event "E73"]
[Site "Cleanchess.com Aarhus DEN"]
[Date "2018.02.15"]
[Round "6.3"]
[White "Olsen,Filip Boe"]
[Black "Vorobiov,E"]
[Result "0-1"]
[WhiteElo "2300"]
[BlackElo "2548"]

1.d4 Nf6 2.c4 g6 3.Nc3 Bg7 4.e4 d6 5.Be2 O-O 6.Be3 a6 7.Nf3 c6 8.O-O b5 9.Qc2
Nbd7 10.Rfd1 Bb7 11.Rac1 bxc4 12.Bxc4 d5 13.Bd3 dxe4 14.Nxe4 Nd5 15.Nc5 Nxc5
16.Qxc5 Nxe3 17.fxe3 a5 18.Ne5 a4 19.Nxc6 Bxc6 20.Qxc6 Bh6 21.Qf3 e5 22.Be4
Rb8 23.Rc2 Qg5 24.Re2 exd4 25.exd4 Bg7 26.Bc6 Rb4 27.d5 Be5 28.a3 Rb3 29.Qe4
Bxb2 30.Qxa4 Rxa3 31.Qb4 Ra1 32.Rxa1 Bxa1 33.Re1 Be5 34.Rd1 Qh5 35.Qd2 Bxh2+
36.Kf1 Bd6 37.Qc2 Rb8 38.Qd3 Rb4 39.Rd2 Qh1+ 40.Ke2 Qxg2+ 41.Kd1 Qh1+ 42.Kc2
Qb1+ {#R} 0-1

[Event "E74"]
[Site "Cleanchess.com   INT"]
[Date "2018.02.14"]
[Round "6"]
[White "Kuybokarov,Temur"]
[Black "Arribas Lopez,A"]
[Result "1-0"]
[WhiteElo "2472"]
[BlackElo "2483"]

1.d4 Nf6 2.c4 g6 3.Nc3 Bg7 4.e4 d6 5.Be2 O-O 6.Bg5 c5 7.d5 h6 8.Bf4 Qa5 9.Bd2
Qb6 10.Nf3 e6 11.O-O exd5 12.exd5 Na6 13.a3 Bg4 14.h3 Bf5 15.Nh4 Bd7 16.Qc2
Rae8 17.Bd3 Qd8 18.Nf3 Nh5 19.Rae1 f5 20.Rxe8 Rxe8 21.Re1 Rxe1+ 22.Nxe1 Qe7
23.Qd1 Nc7 24.g4 Nf6 25.f3 a6 26.Ng2 b5 27.b3 Qe5 28.Ne2 bxc4 29.bxc4 Qb2
30.Bc1 Qa1 31.Nh4 fxg4 32.hxg4 Nxg4 33.fxg4 Bxg4 34.Nxg6 Qd4+ 35.Kg2 Qf6
36.Ngf4 Qa1 37.Qb3 Ne8 38.Qb8 Qe5 39.Ne6 Kf7 40.N2f4 Bf5 41.Bxf5 Qxf5 42.Qxe8+
Kxe8 43.Nxg7+ {#r} 1-0

[Event "E81"]
[Site "Cleanchess.com Djenovici MNE"]
[Date "2018.02.17"]
[Round "1.1"]
[White "Kumar,Nikhil"]
[Black "Kecskemeti,A"]
[Result "1-0"]
[WhiteElo "2258"]
[BlackElo "2284"]

1.d4 Nf6 2.c4 g6 3.Nc3 Bg7 4.e4 d6 5.f3 O-O 6.Be3 a6 7.Qd2 Nc6 8.Rc1 Nd7
9.Nge2 f5 10.exf5 gxf5 11.d5 Nce5 12.Nd4 Nb6 13.b3 c5 14.dxc6 Nxc6 15.Nd5 Nxd5
16.cxd5 f4 17.Bf2 Nxd4 18.Bxd4 Bxd4 19.Qxd4 Qa5+ 20.Kf2 Qxa2+ 21.Be2 Qxb3
22.Rc3 Qb2 23.Rhc1 Bf5 24.Qxf4 Qb6+ 25.Kf1 Bg6 26.Qg5 Rae8 27.Bd3 Rf6 28.Re1
Qd4 29.Rb3 Kh8 30.Be2 Rf5 31.Qc1 {#r} 1-0

[Event "E81"]
[Site "Cleanchess.com Aarhus DEN"]
[Date "2018.02.15"]
[Round "6.4"]
[White "Miedema,D"]
[Black "Thogersen,Rasmus"]
[Result "1-0"]
[WhiteElo "2371"]
[BlackElo "2334"]

1.d4 Nf6 2.c4 g6 3.f3 Bg7 4.e4 d6 5.Nc3 O-O 6.Be3 c5 7.dxc5 dxc5 8.Qxd8 Rxd8
9.Bxc5 Nc6 10.Nge2 b6 11.Ba3 a5 12.Na4 Rb8 13.Nc1 Bd7 14.Nc3 Nb4 15.Bd3 Nh5
16.Nd5 b5 17.Nxe7+ Kh8 18.Bxb4 axb4 19.c5 Bxb2 20.Rb1 Bc3+ 21.Kf1 Be6 22.Nc6
Rxd3 23.Nxd3 Bc4 24.Kf2 Bxd3 25.Rhd1 Rc8 26.Ne7 Bd4+ 27.Ke1 Bc3+ 28.Kf2 Re8
29.Rxd3 Rxe7 30.a3 Nf4 31.Rd8+ Kg7 32.axb4 Ra7 33.g3 Ra2+ 34.Ke3 Ng2+ 35.Kd3
Rd2+ 36.Kxc3 Rxd8 37.Ra1 h5 38.Ra5 Ne1 39.Rxb5 Nxf3 40.c6 Nxh2 41.c7 Rc8
42.Rc5 Ng4 43.b5 Nf6 44.b6 Nxe4+ 45.Kd4 Nd6 46.Kd5 Ne8 47.Kc6 Nxc7 48.bxc7 f5
49.Kd7 Rxc7+ 50.Kxc7 Kf6 51.Kd6 g5 52.Kd5 {#r} 1-0

[Event "E83"]
[Site "Cleanchess.com Newcastle ENG"]
[Date "2018.02.15"]
[Round "3.1"]
[White "Donchenko,Alexa"]
[Black "Merry,Alan B"]
[Result "1-0"]
[WhiteElo "2583"]
[BlackElo "2438"]

1.d4 Nf6 2.c4 g6 3.Nc3 Bg7 4.e4 d6 5.f3 a6 6.Be3 Nc6 7.Nge2 O-O 8.Qd2 Bd7 9.h4
e5 10.d5 Na5 11.Ng3 b5 12.cxb5 axb5 13.Rc1 Nc4 14.Bxc4 bxc4 15.h5 c6 16.dxc6
Bxc6 17.hxg6 fxg6 18.Rd1 Qb8 19.Qe2 Be8 20.O-O Bf7 21.Rd2 Rc8 22.Rfd1 Rc6
23.a3 Qf8 24.Bg5 Nd7 25.Be3 Rb8 26.Na2 Bf6 27.Nb4 Rxb4 28.axb4 Be7 29.Rc2 Qb8
30.Qd2 Ra6 31.Ne2 Nf6 32.Kh1 d5 33.b5 Qxb5 34.Nc3 Qd7 35.exd5 e4 36.Nxe4 Nxe4
37.fxe4 Qg4 38.e5 Qh5+ 39.Kg1 Qxe5 40.Rxc4 Ra8 41.Qd4 Qh5 42.Qg4 Qe5 43.Rc8+
{#r} 1-0

[Event "E83"]
[Site "Cleanchess.com Newcastle ENG"]
[Date "2018.02.17"]
[Round "7.7"]
[White "Muir,A"]
[Black "Merry,Alan B"]
[Result "0-1"]
[WhiteElo "2286"]
[BlackElo "2438"]

1.d4 Nf6 2.c4 g6 3.Nc3 Bg7 4.e4 d6 5.f3 a6 6.Be3 O-O 7.Qd2 Nc6 8.Nge2 Bd7
9.Nc1 e5 10.d5 Ne7 11.g4 Ne8 12.h4 f5 13.g5 c5 14.Bd3 Rf7 15.N1e2 f4 16.Bf2
Bf8 17.a3 Ng7 18.b4 b6 19.b5 Nh5 20.a4 h6 21.gxh6 Rh7 22.O-O-O Rxh6 23.Kb2 Bg7
24.bxa6 Rxa6 25.Kb3 Bf6 26.Nb5 Nc8 27.Ra1 Kf7 28.Qe1 Ng7 29.Nec3 Ke7 30.Qg1
Qh8 31.Qe1 Ne8 32.Rb1 Qh7 33.Ra1 Ra8 34.Rb1 Kf8 35.Ra1 Ne7 36.Rb1 Ng8 37.Ra1
Rh5 38.Rb1 Nh6 39.Qg1 Nf7 40.Qe1 Nd8 41.Ra1 Nb7 42.Kc2 Na5 43.Rb1 Be7 44.Be2
Rb8 45.Bd3 Rb7 46.Be2 Bd8 47.Kd3 Qh8 48.Kc2 Bc8 49.Qg1 Rg7 50.Na3 Kf7 51.Qe1
Bd7 52.Bd3 Rgh7 53.Rg1 R7h6 54.Be2 Kf8 55.Bf1 Qh7 56.Bg2 Bc8 57.Qf1 Bxh4
58.Bxh4 Rxh4 59.Rxb6 Rh2 60.Kb1 Qc7 61.Rb2 g5 62.Rh1 Rxh1 63.Bxh1 Nf6 64.Ncb5
Qd8 65.Qg1 Ke7 66.Bg2 g4 67.fxg4 Bxg4 68.Qf1 Bh5 69.Nc3 Rg6 70.Ne2 Qd7 71.Rb5
Qg4 72.Bh3 Qxe2 73.Qxe2 Bxe2 74.Rxa5 Rg3 75.Ra7+ Kf8 76.Be6 Rxa3 77.Rf7+ Ke8
78.Rxf6 Rxa4 79.Bf5 f3 80.Rxd6 f2 81.Re6+ Kf7 82.Bh3 Bg4 {#R} 0-1

[Event "E88"]
[Site "Cleanchess.com Neustadt an der Weinstrasse GER"]
[Date "2018.02.12"]
[Round "7.4"]
[White "Noe,C"]
[Black "Antonio,V"]
[Result "1-0"]
[WhiteElo "2487"]
[BlackElo "2402"]

1.d4 Nf6 2.c4 g6 3.f3 Bg7 4.e4 d6 5.Nc3 O-O 6.Be3 e5 7.d5 c6 8.Qd2 cxd5 9.cxd5
Nh5 10.O-O-O a6 11.Kb1 f5 12.Nge2 b5 13.Nc1 Bd7 14.a3 Qe8 15.Bd3 Nf4 16.Bxf4
exf4 17.exf5 Bxf5 18.Bxf5 Rxf5 19.Rhe1 Qf8 20.Nb3 Nd7 21.Nd4 Bxd4 22.Qxd4 Ne5
23.Re4 Nc4 24.Rde1 Rc8 25.Re7 Ne3 26.Ra7 Re5 27.Ne4 Qd8 28.Qb6 Nxd5 29.Qxa6
Nc7 30.Qb7 Re8 31.Rd1 d5 32.Rxd5 Qe7 33.Rc5 Red8 34.Rxc7 {#r} 1-0

[Event "E90"]
[Site "Cleanchess.com Lutsk UKR"]
[Date "2018.02.16"]
[Round "10.6"]
[White "Simantsev,M"]
[Black "Alexikov,A"]
[Result "1-0"]
[WhiteElo "2486"]
[BlackElo "2303"]

1.d4 Nf6 2.c4 g6 3.Nc3 Bg7 4.e4 d6 5.Nf3 O-O 6.h3 c6 7.Be3 a6 8.Bd3 b5 9.O-O
Bb7 10.Re1 Nbd7 11.Rc1 e5 12.dxe5 dxe5 13.b4 Qe7 14.a3 Rfe8 15.Qc2 Rad8 16.Bf1
h6 17.Qb3 Kh7 18.a4 Rb8 19.axb5 axb5 20.cxb5 cxb5 21.Nd2 Bc6 22.Nd5 Bxd5
23.exd5 Nb6 24.Bc5 Qd7 25.d6 Bf8 26.Ne4 Nxe4 27.Rxe4 f5 28.Ree1 Bg7 29.Red1
Nc8 30.Be3 Nxd6 31.Bc5 Re6 32.Qd5 Bf8 33.Ra1 Rb7 34.Ra6 Rf6 35.Qxe5 Qe6
36.Bxd6 Bxd6 37.Qxe6 Rxe6 38.Rdxd6 Rxd6 39.Rxd6 Kg7 40.Rd5 Kf6 41.Rxb5 Ra7
42.Rb6+ Kg5 43.Ra6 Rb7 44.b5 Kf4 45.g3+ Ke5 46.h4 g5 47.hxg5 hxg5 48.Rg6 g4
49.Ra6 f4 50.gxf4+ Kxf4 51.Kg2 {#r} 1-0

[Event "E91"]
[Site "Cleanchess.com   INT"]
[Date "2018.02.14"]
[Round "6"]
[White "Orlov,G"]
[Black "Belous,V"]
[Result "1-0"]
[WhiteElo "2481"]
[BlackElo "2567"]

1.Nf3 Nf6 2.c4 g6 3.d4 c5 4.d5 Bg7 5.Nc3 O-O 6.e4 d6 7.Be2 e6 8.O-O exd5
9.exd5 Bf5 10.Bf4 Re8 11.Qd2 Qb6 12.Rae1 Nbd7 13.h3 Ne4 14.Nxe4 Bxe4 15.b3
Bxf3 16.Bxf3 Ne5 17.Bd1 Re7 18.Bg3 Rae8 19.Bh4 f6 20.f4 Nf7 21.Rxe7 Rxe7
22.Bg4 Re4 23.Be6 Qb4 24.Qb2 g5 25.Bg3 f5 26.Qc2 gxf4 27.Bxf5 Bd4+ 28.Kh1 Re7
29.Bh4 Re3 30.Bxh7+ Kf8 31.Qg6 Bg7 32.Rxf4 Re1+ 33.Kh2 {#r} 1-0

[Event "E92"]
[Site "Cleanchess.com Leiden NED"]
[Date "2018.02.17"]
[Round "4.2"]
[White "Van Meegen,R"]
[Black "Pruijssers,R"]
[Result "1-0"]
[WhiteElo "2212"]
[BlackElo "2523"]

1.d4 Nf6 2.c4 g6 3.Nc3 Bg7 4.e4 d6 5.Nf3 O-O 6.Be2 e5 7.d5 a5 8.Bg5 Na6 9.Nd2
Qe8 10.a3 Bd7 11.b3 h5 12.O-O Nh7 13.Be3 h4 14.Rb1 f5 15.f3 Nf6 16.b4 axb4
17.axb4 Nh5 18.c5 Nf4 19.c6 bxc6 20.dxc6 Be6 21.Bc4 h3 22.g3 Ng2 23.Bf2 Bh6
24.Nd5 Kg7 25.Qe2 fxe4 26.fxe4 Bxd2 27.Qxd2 Qxc6 28.Bxa6 Qxa6 29.Nxc7 Qc4
30.Qxd6 Rf6 31.Qxe5 Nf4 32.gxf4 Bg8 33.Bd4 {#r} 1-0

[Event "E92"]
[Site "Cleanchess.com Chrzanow POL"]
[Date "2018.02.15"]
[Round "8.4"]
[White "Ustiyanovich,N"]
[Black "Vypkhanyuk,I"]
[Result "1-0"]
[WhiteElo "2375"]
[BlackElo "2361"]

1.d4 Nf6 2.c4 g6 3.Nc3 Bg7 4.e4 O-O 5.Nf3 d6 6.Be2 e5 7.d5 Na6 8.Bg5 h6 9.Bh4
g5 10.Bg3 Nh5 11.h4 g4 12.Nh2 Nxg3 13.fxg3 h5 14.O-O Bh6 15.Nxg4 hxg4 16.Bxg4
f5 17.Bxf5 Qe7 18.Qh5 Qg7 19.Rf3 Nc5 20.Raf1 Bxf5 21.exf5 Qh7 22.Qg4+ Qg7
23.Qh3 Qd7 24.Ne4 Kh8 25.Nxc5 dxc5 26.g4 e4 27.R3f2 e3 28.Re2 Bg7 29.g5 Rae8
30.f6 Qxh3 31.fxg7+ Kxg7 32.gxh3 Rh8 33.Rf4 Kg6 34.Kg2 Kh5 35.Kf3 Rhf8 36.Rxe3
Rxf4+ 37.Kxf4 Rf8+ 38.Kg3 Rf1 39.Re6 Rg1+ 40.Kh2 {#r} 1-0

[Event "E92"]
[Site "Cleanchess.com Aarhus DEN"]
[Date "2018.02.18"]
[Round "9.4"]
[White "Matthiesen,M"]
[Black "Miedema,D"]
[Result "1-0"]
[WhiteElo "2314"]
[BlackElo "2371"]

1.d4 Nf6 2.c4 g6 3.Nc3 Bg7 4.e4 O-O 5.Nf3 d6 6.Be2 e5 7.d5 a5 8.Bg5 h6 9.Bh4
Nbd7 10.Nd2 Nc5 11.O-O Bd7 12.b3 c6 13.a3 g5 14.Bg3 cxd5 15.cxd5 h5 16.f3 b5
17.Bf2 Qb8 18.a4 b4 19.Nb5 Rc8 20.Nc4 Bf8 21.Rb1 Ra6 22.Qd2 Nh7 23.Qe3 Be7
24.Rbc1 g4 25.h4 gxh3 26.g3 Kh8 27.Ncxd6 Rxd6 28.Rxc5 Rg6 29.Rxc8+ Qxc8 30.Kh2
h4 31.g4 Qc2 32.Bc4 Bg5 33.Qe2 Bf4+ 34.Kh1 Qxe2 35.Bxe2 Bg3 36.Bc5 Ng5 37.Nd6
h2 38.Bb5 Bxb5 39.axb5 Rg8 40.b6 a4 41.bxa4 b3 42.Ba3 Nh3 43.Bc5 b2 44.Rb1 f5
45.b7 fxg4 46.fxg4 Kh7 47.Rxb2 {#r} 1-0